000 00269nam a22001217a 4500
008 181221b xxu||||| |||| 00| 0 eng d
041 _aeng
080 _a321
100 _a19
101 _aSHP
245 _aThe End of Ideology Debate
_cWaxman, Ch. I
942 _2udc
_cBK
999 _c53588
_d53588